00800 2200289 4500001002100000005001700021008004100038020001800079035002500097040001200122082001100134084001700145100001900162245005400181250001000235260005100245300004500296500002700341504001100368650002600379700001900405700002000424850001200444990001800456990001800474990001800492INLIS00000000000620620150914083423.0  a979-420-864-7 a0010-061500000000327 aYOPDYOG a341.42 a341.42 Lut P aLUTFI MUTA'ALI aPengelolaan wilayah perbatasan NKRIc/ Lutfi Muta aCet.1 aYogyakartabGadjah Mada University Pressc2014 axviii, 286 hlm.b: ilus.c; 23 cm [3 cm] aBibliografi : hlm. 276 aIndeks aIndonesia-Tapal batas aDjaka Marwasta aJoko Christanto aYOPDYOG a13761-PD/B.15 a13762-PD/B.15 a13763-PD/B.15